| 000 | 01219nam a2200205Ia 4500 | ||
|---|---|---|---|
| 003 | Ost | ||
| 005 | 20260507075113.0 | ||
| 008 | 260507s9999||||xx |||||||||||||| ||und|| | ||
| 020 | _a9771953958 | ||
| 040 | _cfsecg | ||
| 041 | _aara | ||
| 082 | _a301.14 | ||
| 100 |
_aماهر، أحمد _eمؤلف |
||
| 245 | 0 |
_aكيف ترفع مهاراتك الإدارية في الاتصال / _c أحمد ماهر |
|
| 260 |
_aالاسكندرية: _bالدار الجامعية, _c2000 |
||
| 300 |
_a395 صفحة؛ _bإيضاحات ؛ _c24 سم |
||
| 520 | _aمقدمة في الاتصال و الجوانب السلوكية له و الاتصال في ظل ثقافات مختلفة كما تم التطرق الى الاتصال الشفوي بتناول الاستماع و الاتصال غير الملفوظ و إدارة الاجتماعات و اللجان و مشاكل الاجتماعات و علاجها و المقابلات الشخصية و العرض الشفوي و أخيرا الاتصال الكتابي بما في مهارة القراءة و الكتابة كمهارة للاتصال و الخطابات و المراسلات و التقارير . | ||
| 653 | _aالاتصال | ||
| 942 | _cكتاب | ||
| 999 |
_c42955 _d42955 |
||